Endokrin anantomi - Statistics

General Stats
  • This quiz has been taken 10 times
  • The average score is 24 of 44
Answer Stats
Hint Answer % Correct
Den högra binjuren är ca ___ cm 3-4
100%
Den vänstra binjuren är ca ___ cm 8-9
100%
Exempel på endokrin sekretion är Hormoner / Neurotransmitorer / Neuromodulatorer
100%
Är Paratyroidea ett endokrint organ ja
100%
Är Testiklarnaett endokrint organ ja
100%
Är Binjuren ett endokrint organ ja
100%
Är Tallkottskörteln ett endokrint organ ja
100%
Är Hypofysen ett endokrint organ ja
100%
Är Äggstocken ett endokrint organ ja
100%
Är Pankreas ett endokrint organ ja / ibland
100%
Är Njurarna ett endokrint organ nej
100%
Är benmärgen ett endokrint organ nej
100%
Är Cardi ett endokrint organ nej
100%
Är uterus ett endokrint organ nej
100%
Är Gaster ett endokrint organ nej
100%
Är Cutis ett endokrint organ nej
100%
Är Placenta ett endokrint organ nej
100%
Är Levern ett endokrint organ nej
100%
Hypotalamus reglerar Törst / Temperatur / Hunger
100%
Binjuren producerar framförallt Adrenalin
50%
Den anteriora delen av hyposfysen regleras av ___ ifrån hypthalamus blod
50%
Hålrummen i tyroidea heter foliklar
50%
Exempel på exokrin sekretion är Galla / Bukspott / Svett / Spott
50%
Är Tyroidea ett endokrint organ ja
50%
Tyroidea är ytterst beroende av Jod
50%
Tallkottskörteln producerar framförallt Melatonin
50%
Den posteriora delen av hyposfysen regleras av ___ signaler ifrån hypthalamus nervsignaler
50%
Hypofysen sitter vid vilket ben? Os sphenoidale
50%
Tyroidea sitter runt Trachea / luftstrupen
50%
Vad heter den anteriora delen av hypofysen? Adenohypofysen
0%
Hypofysen får sitt blod av a. hypophysialis superior / inferior
0%
Binjurarna får blod ifrån 3 olika blodkärl, vad heter den understa a. suprarenalis inferior
0%
Binjurarna får blod ifrån 3 olika blodkärl, vad heter den mellersta a. suprarenalis medialis
0%
Binjurarna får blod ifrån 3 olika blodkärl, vad heter den översta a. suprarenalis superior
0%
Tyroidea och Paratyroidea får sitt blod ifrån 2 olika grenar. Vad heter den som kommer ifrån Trunucs Brachiocephalicus? a. Thyroidea Inferior
0%
Tyroidea och Paratyroidea får sitt blod ifrån 2 olika grenar. Vad heter den som kommer ifrån a. Carotis Externa? a. Thyroidea Superior
0%
Tyroidea och Paratyroidea sitter mellan vilka costa? C5-T1
0%
Binjurarna består av 2 lager, vilka Märg / Bark
0%
Vad heter den posteriora delen av hypofysen? Neurohypofys
0%
Förstorning av Tyroidea kallas för Struma
0%
Blod ifrån hypfysen dreneras av v. portales hypophysiales
0%
Blodet ifrån Tyroidea och Paratyroidea dreneras av 3 olika vener, vad heter den understa v. thyroidea inferior
0%
Blodet ifrån Tyroidea och Paratyroidea dreneras av 3 olika vener, vad heter den mellersta v. thyroidea media
0%
Blodet ifrån Tyroidea och Paratyroidea dreneras av 3 olika vener, vad heter den översta v. thyroidea superior
0%
No matching quizzes found
Score Distribution
Percent of People with Each Score
Percentile by Number Answered
Your Score History
You have not taken this quiz